[Event "36th Cappelle Open 2020"]
[Site "Cappelle-la-Grande"]
[Date "2020.02.22"]
[Round "1.1"]
[White "Jeanne, Mickael"]
[Black "Bauer, Christian"]
[Result "0-1"]
[WhiteElo "2155"]
[BlackElo "2630"]
[Annotator "TA"]
[PlyCount "86"]
[EventDate "2020.02.22"]
[EventType "swiss"]
[EventCountry "FRA"]
[SourceTitle "playchess.com"]
[Source "ChessBase"]
[SourceQuality "1"]

{[%evp 12,86,2,2,5,11,15,0,25,12,26,18,33,27,35,-16,-21,-16,-9,-11,-9,-8,-11,-16,-17,-23,-23,-29,9,-18,-13,-50,-47,-48,-44,-59,-44,-39,-39,-42,-35,-35,-29,-37,-24,-71,-13,-33,-38,-72,-53,-81,-78,-75,-68,-133,-111,-129,-95,-116,-86,-106,-71,-152,-133,-251,-180,-230,0,-186,-175,-256,-244,-1950,-1880,-1697,-1694]} 1. Nf3 d6 2. g3 e5 3. d3 g6 4. c4 Bg7 5. Bg2 Ne7 6. Nc3 Nbc6 7. Rb1 f5 {A26: English Opening vs King's Indian with ...Nc6 and d3.} 8. O-O h6 9. Bd2 O-O {The position is equal.} 10. b4 a6 11. a4 a5 12. b5 Nb4 13. Ne1 ({Better is} 13. Nd5 $14) 13... c5 $11 14. bxc6 bxc6 {[#]} 15. Nc2 $146 ({Predecessor:} 15. f4 exf4 16. gxf4 Be6 17. e3 Re8 18. Ne2 Qb6 19. Nc2 d5 20. Nxb4 axb4 21. Rxb4 {½-½ (36) Masic,L-Travnicek,P Reggio Emilia 1971}) 15... Rb8 16. Na2 {[%cal Rc2b4]} c5 17. Nc3 Be6 18. Ne3 g5 19. Ned5 Ng6 20. Qc1 Qd7 21. f4 exf4 22. gxf4 g4 23. Nb5 Nh4 24. Bh1 Bxd5 25. Bxd5+ Nxd5 26. cxd5 Rfe8 27. Be1 $1 {[%cal Re1h4]} Ng6 28. Qc2 Re3 (28... h5 $17) 29. Bf2 $1 {[%cal Rf2e3]} Rh3 30. e3 Re8 31. Rbe1 h5 $36 {[%mdl 2048] Black is on the roll.} 32. Qd2 h4 33. Kg2 (33. Kh1 $1 $15) 33... Qf7 34. Qa2 Rd8 $1 35. Bg1 Rd7 36. Qc4 Kh7 37. Re2 (37. Kh1 $142) 37... Bh6 38. Nc3 (38. Kh1 $17) 38... Qf6 39. Nb5 {[#]} Rb7 $2 (39... Rf3 $1 $19 {[%mdl 512] Hoping for ...h3+.} 40. Rb1 (40. Rxf3 $2 gxf3+ 41. Kxf3 h3 $19) 40... Qe7) 40. Qa2 $2 (40. d4 $11 {and White has nothing to worry.}) 40... Rg7 41. Qd2 {[#]} (41. d4 {was worth a try.}) 41... Rf3 $1 {[%mdl 512]} 42. Rxf3 $2 (42. Ree1) 42... gxf3+ $19 43. Kxf3 h3 {Accuracy: White = 53%, Black = 82%.} 0-1

[Event "36th Cappelle Open 2020"]
[Site "Cappelle-la-Grande"]
[Date "2020.02.22"]
[Round "1.2"]
[White "Martinez Alcantara, Jose Eduardo"]
[Black "De Vleeschauwer, Maarten"]
[Result "1-0"]
[WhiteElo "2617"]
[BlackElo "2151"]
[Annotator "TA"]
[PlyCount "89"]
[EventDate "2020.02.22"]
[EventType "swiss"]
[EventCountry "FRA"]
[SourceTitle "playchess.com"]
[Source "ChessBase"]
[SourceQuality "1"]

{[%evp 18,89,58,73,75,63,72,54,77,54,69,70,76,65,134,98,97,108,227,223,238,235,233,238,232,235,218,228,277,292,275,207,208,204,244,167,197,181,186,161,197,197,324,301,356,341,413,402,562,560,701,715,705,689,763,737,741,737,714,602,539,532,532,535,1403,1392,1372,1412,1237,1275,1118,1070,797,739]} 1. c4 f5 2. Nf3 Nf6 3. g3 d6 4. d4 e6 5. Bg2 Be7 6. O-O O-O 7. b3 Ne4 8. Bb2 Bf6 9. Nbd2 Nc6 10. Nxe4 fxe4 {A96: Classical Dutch: Fluid Systems: Early deviations.} 11. Ne1 d5 12. e3 Ne7 {[#] White is slightly better.} 13. Qe2 $146 ({Predecessor:} 13. Ba3 Rf7 14. f3 Nf5 15. Qd2 Bg5 16. Nc2 exf3 17. Rxf3 a5 18. Qd3 a4 19. Rff1 {½-½ (86) Roubaud,D (2555)-Rydholm,L (2524) ICCF email 2015}) 13... Qd6 14. f3 exf3 15. Nxf3 Ng6 (15... b6 $14) 16. e4 {And now e5 would win.} dxe4 17. Qxe4 c5 (17... Rb8 $16 18. Qe3 b6) 18. Ba3 $18 Bxd4+ {[#]} 19. Qxd4 $1 {[%mdl 512]} Qxd4+ (19... cxd4 20. Bxd6) 20. Nxd4 {[%mdl 64] Pin} Rxf1+ 21. Rxf1 cxd4 22. Bc5 e5 23. Bd5+ Kh8 24. Be4 Be6 25. Bxb7 Rd8 26. Be4 Rd7 27. Rf2 Kg8 28. a4 a6 29. Kf1 Ne7 (29... Rd8 {might work better.} 30. Ke2 Rb8) 30. Ke2 g6 31. Rf6 Bf5 32. Bxf5 gxf5 33. Rxa6 {[%mdl 4096] Endgame KRB-KRN. White is clearly winning.} e4 34. Re6 Ng6 35. a5 Kf7 36. Rd6 d3+ 37. Ke3 Rc7 38. Bd4 Ke7 39. Rd5 Ke6 40. a6 Ne7 41. Bb6 Rc8 42. Rd8 Rxd8 43. Bxd8 Nc8 44. Ba5 Kd6 {[#]} 45. g4 $1 {[%mdl 512] Accuracy: White = 86%, Black = 42%.} 1-0

[Event "36th Cappelle Open 2020"]
[Site "Cappelle-la-Grande"]
[Date "2020.02.22"]
[Round "1.3"]
[White "Iolis, Oleg"]
[Black "Moussard, Jules"]
[Result "0-1"]
[WhiteElo "2142"]
[BlackElo "2608"]
[Annotator "TA"]
[PlyCount "65"]
[EventDate "2020.02.22"]
[EventType "swiss"]
[EventCountry "FRA"]
[SourceTitle "playchess.com"]
[Source "ChessBase"]
[SourceQuality "1"]

{[%evp 9,65,25,44,25,22,26,21,-50,-33,-57,-66,-55,-52,-54,-54,-66,-76,-93,-105,-89,-86,-92,-56,-114,-113,-119,-122,-106,-4,-108,-106,-245,-247,-307,-319,-341,-343,-374,-365,-369,-368,-335,-316,-418,-418,-425,-425,-425,-412,-402,-402,-387,-387,-553,-542,-520,-517,-997]} 1. e4 g6 2. d4 Bg7 3. Nc3 d6 4. Bg5 a6 5. Qd2 b5 6. f4 {B06: Modern Defence.} Bb7 7. Nf3 Nd7 8. Bd3 (8. O-O-O $11) 8... c5 $15 9. dxc5 Nxc5 10. O-O Nf6 {[%cal Rf6e4]} 11. Rae1 {[#]} b4 $146 ({Predecessor:} 11... O-O 12. a3 {½-½ (12) Andriasian,Z (2619)-Dzhumaev,M (2485) Visakhapatnam 2011}) 12. Bxf6 Bxf6 13. Nd5 Bxd5 14. exd5 O-O 15. f5 Qd7 16. Qh6 (16. c3 $15) 16... Nxd3 $17 17. fxg6 fxg6 18. cxd3 Rf7 ({Black should play} 18... Qb5 $17 19. Ng5 Bxg5 20. Qxg5 e5) 19. Qf4 (19. Ng5 $1 $11 Bxg5 20. Qxg5) 19... Qa7+ ({Wrong is} 19... Bc3 $2 {[#]} 20. Qxf7+ $1 {[%mdl 512]} Kxf7 21. Ne5+ Ke8 22. Nxd7 $18) 20. Kh1 {This move loses the game for White.} (20. d4 $17 {was called for.}) 20... Bc3 $1 $19 {[%mdl 64] [#] Discovered Attack} ({Weaker is} 20... Bxb2 21. Qxb4 Bg7 22. Qe4 $11) 21. Qe4 Bxe1 22. Rxe1 Qf2 23. h3 Raf8 24. Qe6 Kh8 25. Re2 Qg3 26. Re3 Rxf3 27. gxf3 Rxf3 28. Rxf3 Qxf3+ {[%mdl 64] Double Attack. KQ-KQ} 29. Kg1 Qd1+ 30. Kf2 Qd2+ 31. Kg1 (31. Kf3 $142 Qxd3+ 32. Kg2) 31... Qc1+ 32. Kf2 Qxb2+ 33. Kf3 {Accuracy: White = 51%, Black = 87%.} (33. Ke3 $142 Qb1 34. Kf4) 0-1

[Event "36th Cappelle Open 2020"]
[Site "Cappelle-la-Grande"]
[Date "2020.02.22"]
[Round "1.4"]
[White "Nikolov, Momchil"]
[Black "Duhayon, Yves"]
[Result "1-0"]
[WhiteElo "2539"]
[BlackElo "2136"]
[Annotator "TA"]
[PlyCount "57"]
[EventDate "2020.02.22"]
[EventType "swiss"]
[EventCountry "FRA"]
[SourceTitle "playchess.com"]
[Source "ChessBase"]
[SourceQuality "1"]

{[%evp 9,57,22,19,19,25,19,16,18,20,10,22,20,27,5,45,27,47,40,51,51,41,36,31,31,33,33,82,89,74,77,94,92,95,92,99,102,149,149,186,185,184,183,174,168,1057,994,5397,5281,2077,1610]} 1. d4 d5 2. c4 e6 3. Nc3 a6 4. cxd5 exd5 5. Bf4 Nf6 6. e3 {D31: Queen's Gambit Declined: Semi-Slav without ...Nf6 (+ Marshall Gambit and Noteboom) and Exchange Variation lines without ...Nf6.} Bd6 7. Bxd6 {7.Bg5 might become the main line.} Qxd6 8. Bd3 {The position is equal.} O-O 9. h3 Nc6 10. Nf3 Re8 11. a3 Ne4 12. Qc2 {[%cal Rc3e4] [#]} Bf5 $146 ({Predecessor:} 12... f5 13. Nxd5 b5 14. Nc3 Nxc3 15. bxc3 g6 16. O-O Bb7 17. c4 Re7 18. cxb5 axb5 19. Qb3+ Qd5 20. Qxd5+ {1-0 (20) Salvans Serra,A-Romera Gonzalez,M (1361) Llinars del Valles 2016}) 13. O-O Nxc3 14. Bxf5 Ne4 15. Rfc1 g6 16. Bxe4 $1 Rxe4 17. b4 f5 18. Ne5 Nxe5 19. dxe5 Qxe5 20. Qxc7 Qe7 21. Rc5 Rd8 22. Rd1 Rd7 {[#]} 23. Qb8+ $1 Rd8 24. Rc8 Rxc8 25. Qxc8+ Kg7 26. Rxd5 Kh6 $2 (26... Qf7 27. Qc3+ Kg8) 27. Rd7 $18 {White is clearly winning.} Rc4 28. Qxb7 ({Weaker is} 28. Rxe7 Rxc8 29. Rxb7 Rc1+ 30. Kh2 Ra1 $18) 28... Rc1+ {[#]} 29. Kh2 $1 {Accuracy: White = 100%, Black = 57%.} 1-0

[Event "36th Cappelle Open 2020"]
[Site "Cappelle-la-Grande"]
[Date "2020.02.22"]
[Round "1.5"]
[White "Goossens, Hanne"]
[Black "Guliyev, Namig"]
[Result "1-0"]
[WhiteElo "2134"]
[BlackElo "2537"]
[Annotator "TA"]
[PlyCount "71"]
[EventDate "2020.02.22"]
[EventType "swiss"]
[EventCountry "FRA"]
[SourceTitle "playchess.com"]
[Source "ChessBase"]
[SourceQuality "1"]

{[%evp 9,71,24,48,41,96,87,78,82,94,91,164,158,171,147,153,169,162,199,279,300,293,284,304,299,298,274,283,274,277,271,303,245,408,413,450,448,389,357,364,336,378,379,554,541,535,524,622,601,593,574,691,611,845,837,835,777,1279,1170,29985,29986,29981,2470,2454,2152]} 1. d4 d5 2. Bf4 c5 3. c3 Nc6 4. e3 Qb6 5. Qb3 c4 6. Qc2 {D00: 1 d4 d5: Unusual lines.} Bf5 (6... e5 $14 7. dxe5 Bf5) 7. Qxf5 $16 Qxb2 8. Qxd5 {White is better.} Qxa1 9. Qb5 O-O-O (9... a6 $16 10. Qxb7 Nd8 11. Qxa8 Qxb1+ 12. Ke2 e5 13. Bxe5 Qd3+ 14. Kf3 Qxf1) 10. Bxc4 $18 {Threatens to win with Nf3.} e5 {[#] ...Bb4! is the strong threat.} 11. Ne2 $1 exf4 12. O-O fxe3 13. fxe3 $40 {[%mdl 128] [#] Black is in trouble.} Bd6 $146 (13... a6 {keeps fighting.} 14. Qb6 Nf6) ({Predecessor:} 13... Nf6 14. Nd2 Qxf1+ 15. Kxf1 Bd6 16. e4 Bc7 17. h3 Nd7 18. Nf3 f6 19. Be6 Kb8 20. Bxd7 Rxd7 {1-0 (31) Grachev,B (2640)-Gelfand,B (2720) Moscow 2008}) 14. Nd2 (14. Rxf7 Nge7 $17) 14... Qxf1+ 15. Nxf1 f6 16. Be6+ Kb8 17. c4 Nge7 18. Nc3 a6 19. Qa4 Bc7 20. c5 Na7 $2 (20... Ba5) 21. Nd2 Rhe8 {intending ...Nec6.} 22. Nc4 Nec6 {aiming for ...Nb5.} 23. d5 Ne5 24. Nd6 Bxd6 25. cxd6 Rh8 (25... h6 $142 26. Qb4 (26. d7 Re7 $18) 26... Nac6) 26. d7 Ka8 27. Ne4 Nb5 28. Nc5 Ka7 29. Qa5 Rb8 30. a4 Nc4 31. Qb4 Nbd6 {[#]} 32. Ne4 $1 {[%mdl 512]} a5 (32... Nxe4 33. Qxc4) 33. Qc3 {Strongly threatening Nxd6.} b5 34. Nxd6 {[%mdl 64] Overworked Piece} Nxd6 35. Qxa5+ (35. Qc7+ $142 Rb7 36. Qxa5+ Kb8 37. d8=Q+ Rxd8 38. Qxd8+ {[%mdl 64] Double Attack} Ka7 39. Qxd6 bxa4 40. Qc5+ Kb8 41. d6) 35... Kb7 36. Qb4 {Black did not feel at home in the position after the opening. Accuracy: White = 87%, Black = 40%.} 1-0

[Event "36th Cappelle Open 2020"]
[Site "Cappelle-la-Grande"]
[Date "2020.02.22"]
[Round "1.6"]
[White "Shchekachev, Andrei"]
[Black "De Villers, Mourad"]
[Result "1-0"]
[WhiteElo "2529"]
[BlackElo "2131"]
[Annotator "TA"]
[PlyCount "65"]
[EventDate "2020.02.22"]
[EventType "swiss"]
[EventCountry "FRA"]
[SourceTitle "playchess.com"]
[Source "ChessBase"]
[SourceQuality "1"]

{[%evp 21,65,46,46,48,52,28,33,26,35,31,34,27,41,41,62,39,61,39,54,69,193,173,241,227,240,242,232,243,240,239,273,274,343,334,458,441,456,436,463,465,468,395,556,552,531,530]} 1. Nf3 c5 2. c4 g6 3. e4 Nc6 4. d4 cxd4 5. Nxd4 Nf6 6. Nc3 d6 7. f3 Nxd4 8. Qxd4 Bg7 9. Be3 O-O 10. Qd2 Be6 11. Rc1 Rc8 12. b3 {B36: Sicilian: Maroczy Bind: Gurgenidze System.} Qa5 {[#]} 13. Nb5 $146 ({Predecessor:} 13. Be2 Rfd8 14. Nd5 Qxd2+ 15. Kxd2 Kf8 16. g4 b6 17. Bg5 Ng8 18. h4 h6 19. Be3 Bd7 {½-½ (28) Morales,J (2402)-Avila Pavas,S (2295) Palmira 2019}) 13... Qxd2+ 14. Kxd2 {White is slightly better.} a6 15. Nd4 Bd7 16. Bd3 e6 17. g4 Bc6 18. Be2 Rfd8 19. Rhd1 Nd7 20. Ke1 d5 {A mistake that costs the game.} (20... Nc5 $14) 21. Nxc6 bxc6 (21... Rxc6 $142 22. cxd5 (22. exd5 exd5 23. cxd5 Rxc1 $16) 22... Rxc1 23. Bxc1 exd5) 22. cxd5 $18 cxd5 23. Rxc8 ({But not} 23. Bxa6 $6 Ra8 $16) 23... Rxc8 24. exd5 exd5 25. Rxd5 Nf8 26. Bc4 Re8 27. Kf2 Be5 28. Bxa6 Bxh2 29. Bc4 Bg1+ 30. Kxg1 Rxe3 31. Kf2 Rc3 (31... Re7 $142 32. a4 Rc7) 32. a4 {[%cal Ba2a4,Ba4a5][%mdl 32]} Ne6 33. a5 {Accuracy: White = 100%, Black = 44%.} 1-0

[Event "36th Cappelle Open 2020"]
[Site "Cappelle-la-Grande"]
[Date "2020.02.22"]
[Round "1.7"]
[White "Belloy, Julien"]
[Black "Stany, G.A."]
[Result "1/2-1/2"]
[WhiteElo "2130"]
[BlackElo "2522"]
[Annotator "TA"]
[PlyCount "68"]
[EventDate "2020.02.22"]
[EventType "swiss"]
[EventCountry "FRA"]
[SourceTitle "playchess.com"]
[Source "ChessBase"]
[SourceQuality "1"]

{[%evp 18,68,21,2,22,18,24,52,22,18,19,28,15,2,41,38,21,23,30,39,69,0,13,0,0,0,0,-29,-22,-32,0,-17,0,0,0,-31,0,0,21,0,0,-17,38,40,29,37,49,43,108,116,101,98,284]} 1. c4 e5 2. Nc3 Nf6 3. g3 d5 4. cxd5 Nxd5 5. Bg2 Nb6 6. Nf3 Nc6 7. d3 Be7 8. O-O O-O 9. a3 a5 10. Be3 f5 {A29: English Opening: Four Knights Variation with 4 g3.} 11. Qb3+ Kh8 12. Bxb6 cxb6 {White is slightly better.} 13. Na4 Ra6 $1 14. Rac1 {[#]} Bf6 $146 ({Predecessor:} 14... e4 15. dxe4 fxe4 16. Rfd1 Qe8 17. Nd4 Nxd4 18. Rxd4 b5 19. Nc5 Rc6 20. Rxe4 Bxc5 21. Rxc5 Rxc5 22. Rxe8 {1-0 (51) Nettleton,C (1889)-Danaher,J (1748) Cardiff 2013}) 15. Rfd1 Re8 16. e3 Be6 17. Qc2 Ra8 18. Nc3 Rc8 {[#]} 19. Qa4 (19. d4 $1 $14 {[%mdl 512]} exd4 20. exd4) 19... Bd7 {White must now prevent ...Nd4.} 20. Qb3 Be6 $36 {[%mdl 2048] Black has the initiative.} 21. Qa4 Re7 22. Rd2 Rd7 {Black wants to play ...e4!} 23. Rcd1 Nb8 {[%cal Bc6b8,Bb8a6,Ba6c5,Bc5b3][%mdl 32]} 24. d4 e4 25. Ne1 Na6 26. Bf1 {[#]} Nc5 $1 {[%mdl 512]} 27. Qb5 (27. dxc5 Rxd2) 27... Rd6 (27... Nb3 $5 {[%cal Rb3d2]}) 28. Ng2 Bf7 29. Nf4 Be8 (29... g5 $11 30. Ng2 Kg7) 30. Qe2 $14 Nb3 {Threatens to win with ...g5.} 31. Rc2 g5 32. Nh5 {[#]} Be7 {[#]} (32... Bxd4 $1 $14 {[%mdl 512]} 33. Nb5 {[%mdl 64] Pin} (33. Rxd4 Rxd4) 33... Bxh5 34. Rxc8 Bxe2 35. Rxd8+ Rxd8 36. Bxe2 Bf6) 33. g4 $1 $16 {[%cal Rg4f5]} Bxh5 34. gxh5 {Strongly threatening Qb5.} Ra8 $2 {[%mdl 32768] Accuracy: White = 86%, Black = 67%. . An unexpected result.} (34... Qd7 $16) 1/2-1/2

[Event "36th Cappelle Open 2020"]
[Site "Cappelle-la-Grande"]
[Date "2020.02.22"]
[Round "1.8"]
[White "Dimitrov, Radoslav"]
[Black "Medghoul, Sherif"]
[Result "1-0"]
[WhiteElo "2519"]
[BlackElo "2129"]
[Annotator "TA"]
[PlyCount "49"]
[EventDate "2020.02.22"]
[EventType "swiss"]
[EventCountry "FRA"]
[SourceTitle "playchess.com"]
[Source "ChessBase"]
[SourceQuality "1"]

{[%evp 14,49,10,11,12,10,37,27,27,25,27,23,29,23,33,32,74,70,91,77,116,86,81,21,51,58,55,44,331,329,337,321,313,303,310,301,607,604]} 1. Nc3 d5 2. e4 e6 3. d4 Nf6 4. Bg5 Bb4 5. Nge2 dxe4 6. a3 Be7 7. Bxf6 Bxf6 8. Nxe4 b6 {C12: French: Classical System: McCutcheon Variation.} 9. g3 Bb7 (9... Nd7 {with more complications.} 10. Bg2 Rb8 11. O-O O-O 12. Nf4 c5) 10. Bg2 c6 {White has an edge.} 11. Nxf6+ Qxf6 {[#]} 12. O-O $146 ({Predecessor:} 12. Nc3 O-O 13. Ne4 Qe7 14. Qh5 Nd7 15. O-O Rfd8 16. c3 c5 17. dxc5 Bxe4 18. Bxe4 Nf6 19. Qh4 Rac8 20. cxb6 axb6 21. Bxh7+ {1-0 (21) Hildenbrand,P (2202)-Haas,F (2188) Germany 2007}) 12... O-O 13. Nf4 Rd8 14. c3 Ba6 15. Re1 Bc4 16. b3 Ba6 17. Qg4 Bb7 18. Re5 (18. b4 $16) 18... g6 19. Rae1 {[%cal Rf4e6]} Nd7 20. R5e3 $36 {[%mdl 2048] White is more active.} Qe7 $2 {[%mdl 8192] [#] Loses the game.} ({Black should play} 20... Qg7 $14) 21. Nxe6 $1 $18 {[%mdl 512]} fxe6 22. Rxe6 {[%mdl 64] Double Attack} Qf8 23. Re7 ({Stronger than} 23. Bxc6 Bxc6 24. Rxc6 Re8 $11) 23... Qf5 24. Qh4 h5 $2 {[#]} (24... g5 25. Qh6 Qg6 26. Qxg6+ hxg6) 25. Bh3 $1 {[%mdl 512] Accuracy: White = 84%, Black = 47%.} 1-0

[Event "36th Cappelle Open 2020"]
[Site "Cappelle-la-Grande"]
[Date "2020.02.22"]
[Round "1.9"]
[White "Mitran, Anthony Cristian"]
[Black "Bellahcene, Bilel"]
[Result "0-1"]
[WhiteElo "2117"]
[BlackElo "2510"]
[Annotator "TA"]
[PlyCount "104"]
[EventDate "2020.02.22"]
[EventType "swiss"]
[EventCountry "FRA"]
[SourceTitle "playchess.com"]
[Source "ChessBase"]
[SourceQuality "1"]

{[%evp 12,104,15,16,0,7,10,9,0,-12,6,1,31,27,105,109,109,114,112,108,104,108,108,97,109,109,122,99,112,104,112,106,110,97,109,82,95,83,82,48,60,14,47,47,61,50,95,95,95,95,95,95,105,95,167,169,184,195,187,193,181,180,173,103,163,79,84,36,107,0,0,0,0,0,0,0,0,-200,-196,-458,-474,-571,-267,-29982,-29983,-29983,-29984,-29988,-29989,-29989,-29990,-29990,-29987,-29986,-276]} 1. Nf3 Nf6 2. c4 e6 3. Nc3 d5 4. d4 Bb4 5. Bg5 h6 6. Bh4 dxc4 7. Qa4+ Nc6 {D38: Queen's Gambit Declined: Ragozin Defence (4 Nf3 Bb4).} 8. a3 Bxc3+ 9. bxc3 Qd5 {The position is equal.} 10. Nd2 (10. Bxf6 $5 gxf6 11. Nd2 $15) 10... b5 11. Qc2 Bb7 12. e4 {[#]} Nxe4 $146 (12... Qd7 $11 {remains equal.}) ({Predecessor:} 12... Nxd4 13. cxd4 Nxe4 14. Qxe4 Qxe4+ 15. Nxe4 Bxe4 16. f3 Bd5 17. Be2 Kd7 18. Kd2 Rab8 {0-1 (33) Popov,V (2520)-Ibragimov,I (2610) St Petersburg 1998}) 13. Qxe4 $16 Qxe4+ 14. Nxe4 {Nc5 is the strong threat.} Nxd4 {Hoping for ...Nc2+.} 15. Nf6+ gxf6 16. cxd4 Ke7 17. Rb1 a6 18. f3 Bd5 19. Kd2 Rhd8 20. Kc3 Rdb8 {[#]} 21. a4 $1 {[%mdl 512]} c6 (21... bxa4 22. Bxc4) 22. a5 Rg8 23. Bg3 h5 24. Rg1 Rg6 25. Be2 Rag8 26. Rge1 Rh8 (26... h4 $5 27. Bxh4 Rxg2 $11) 27. Bf1 h4 28. Bf4 Rh5 29. h3 Kd7 30. Kb4 Rg8 31. Rb2 Rc8 32. Bh2 e5 (32... Rg5 $16) 33. Rbe2 $18 ({Don't take} 33. dxe5 $6 c5+ 34. Kc3 b4+ 35. Kc2 fxe5 $14) 33... Be6 34. dxe5 c5+ 35. Kc3 fxe5 36. Rxe5 Rxe5 37. Bxe5 (37. Rxe5 $18 f6 38. Rh5) 37... Kc6 (37... b4+ $16 38. Kc2 Bf5+ 39. Kd2 c3+ 40. Bxc3 bxc3+ 41. Kxc3 Kd6) 38. Rd1 (38. Bf6 $18 {and White stays clearly on top.}) 38... b4+ $16 39. Kb2 Kb5 (39... Re8 $1 $14) 40. Rd6 ({White should try} 40. Bf6 $16) 40... Kxa5 $11 41. Bf6 Kb5 42. Bxh4 a5 {[%cal Ba6a5,Ba5a4,Ba4a3][%mdl 32]} 43. Bf6 a4 44. h4 $2 (44. g4 $11) 44... a3+ $19 {[%mdl 1024] Black has strong compensation.} 45. Ka1 $2 (45. Ka2) 45... Bf5 46. g4 Re8 (46... Bc2 $142 {( -> ...Re8)} 47. Rd2 b3) 47. Rd1 $2 {[#]} ({But not} 47. Ka2 $2 Bc2 $19) (47. Bxc4+ $19 Kxc4 48. gxf5) 47... Bc2 {Black mates.} 48. Rc1 b3 49. h5 Kb4 50. Bxc4 Kxc4 51. h6 Rb8 52. Bb2 axb2+ {What a bad dream for White. Accuracy: White = 62%, Black = 74%.} 0-1

[Event "36th Cappelle Open 2020"]
[Site "Cappelle-la-Grande"]
[Date "2020.02.22"]
[Round "1.10"]
[White "Demuth, Adrien"]
[Black "Cocquyt, Tijs"]
[Result "1-0"]
[WhiteElo "2500"]
[BlackElo "2116"]
[Annotator "TA"]
[PlyCount "67"]
[EventDate "2020.02.22"]
[EventType "swiss"]
[EventCountry "FRA"]
[SourceTitle "playchess.com"]
[Source "ChessBase"]
[SourceQuality "1"]

{[%evp 18,67,58,31,68,74,60,50,50,50,67,56,66,54,50,47,68,31,38,41,89,26,27,27,35,8,40,6,48,46,110,124,111,117,223,216,225,216,210,207,272,300,264,219,222,211,1521,1425,1256,1091,1853,1762]} 1. c4 e5 2. Nc3 Nf6 3. Nf3 d6 4. d4 Nbd7 5. e4 Be7 6. Be2 O-O 7. O-O c6 8. Qc2 a6 9. Rd1 Qc7 10. Rb1 {[#]} a5 $146 {A55: Old Indian Defence with Nf3 and e4.} ({Predecessor:} 10... b5 11. b4 Re8 12. h3 Bb7 13. Be3 g6 14. dxe5 dxe5 15. Qb3 c5 16. cxb5 cxb4 17. Ng5 Rf8 18. Nd5 Bxd5 19. exd5 axb5 {0-1 (52) Cummings,D (2331)-Sturua,Z (2529) Bled 2018}) 11. b3 Re8 12. a3 Nf8 {White is slightly better.} 13. h3 Ng6 14. Be3 Bf8 15. b4 axb4 16. axb4 Bd7 17. Bg5 Be7 18. d5 h6 {[#]} 19. dxc6 (19. Bxf6 $1 $16 gxf6 20. Nh2) 19... bxc6 $11 20. Bxf6 Bxf6 21. Qd2 Ra3 22. Qxd6 Qxd6 23. Rxd6 Rxc3 ({Better is} 23... Bxh3 $14 24. gxh3 Rxc3) 24. Rxd7 $16 Nf4 25. Bf1 Nxh3+ (25... Ne6 $16 26. b5 cxb5) 26. gxh3 $18 Rxf3 {[#]} 27. b5 $1 {[%cal Rb5c6]} cxb5 28. cxb5 Be7 {intending ...Bc5.} 29. b6 Bc5 30. Rc7 Bxf2+ 31. Kg2 Rf6 $2 (31... Bxb6 32. Rxb6 Rf4) 32. b7 {White is clearly winning.} Ba7 33. Rc8 Rf8 34. Ra1 {Accuracy: White = 82%, Black = 43%.} 1-0